[Event "Imperia op-A 52th"]
[Site "Imperia"]
[Date "2010.09.01"]
[Round "4"]
[White "Ingerl, Florian"]
[Black "Mercandelli, Claudio"]
[Result "1-0"]
[WhiteElo "1963"]
[BlackElo "1903"]
[PlyCount "97"]
[EventDate "2010.08.29"]
[EventType "swiss"]
[EventRounds "9"]
[EventCountry "ITA"]
[SourceTitle "EXT 2024"]
[Source "ChessBase"]
[SourceDate "2023.10.10"]
[SourceVersion "1"]
[SourceVersionDate "2023.10.10"]
[SourceQuality "1"]

1. c4 e5 2. g3 g6 3. Bg2 Bg7 4. Nc3 Nc6 5. d3 Nge7 6. e4 d6 7. Nge2 0-0 8. 0-0 Be6 9. Nd5 f5 10. Be3 Qd7 11. f3 Nd8 12. Qd2 c5 13. b4 b6 14. Rab1 cxb4 15. Qxb4 Ndc6 16. Qb5 Rab8 17. a4 Rfd8 18. Rfc1 Kf7 19. f4 Bxd5 20. cxd5 Nd4 21. Nxd4 exd4 22. Qxd7 Rxd7 23. Bf2 b5 24. Rxb5 Rxb5 25. axb5 Rb7 26. Rc4 Rxb5 27. Bxd4 Bxd4+ 28. Rxd4 Kf6 29. Ra4 a5 30. Bf1 fxe4 31. dxe4 Rc5 32. Ba6 h6 33. h4 g5 34. h5 gxf4 35. gxf4 Nxd5 36. exd5 Rxd5 37. Be2 Kf5 38. Kf2 Rc5 39. Kg3 Rc3+ 40. Bf3 Rc5 41. Bg4+ Kf6 42. Re4 Rd5 43. Re6+ Kg7 44. Rg6+ Kh7 45. f5 a4 46. f6 Ra5 47. f7 Ra8 48. Bf5 Kh8 49. Be6 1-0

[Event "Imperia op-A 52th"]
[Site "Imperia"]
[Date "2010.08.29"]
[Round "1"]
[White "Zach, Andreas"]
[Black "Ingerl, Florian"]
[Result "1/2-1/2"]
[WhiteElo "2314"]
[BlackElo "1963"]
[PlyCount "21"]
[EventDate "2010.08.29"]
[EventType "swiss"]
[EventRounds "9"]
[EventCountry "ITA"]
[SourceTitle "EXT 2024"]
[Source "ChessBase"]
[SourceDate "2023.10.10"]
[SourceVersion "1"]
[SourceVersionDate "2023.10.10"]
[SourceQuality "1"]

1. d3 b6 2. f4 f5 3. e4 e6 4. g3 Bb7 5. Bg2 Nf6 6. Nc3 Bb4 7. Nge2 0-0 8. 0-0 Na6 9. a3 Bxc3 10. Nxc3 d6 11. Qe2 1/2-1/2

[Event "Oberliga Bayern 0809"]
[Site "Bayern"]
[Date "2008.10.26"]
[Round "2.8"]
[White "Schmid, Michael1111"]
[Black "Ingerl, Florian"]
[Result "1-0"]
[WhiteElo "2141"]
[BlackElo "1958"]
[PlyCount "39"]
[EventDate "2008.10.05"]
[EventType "team-tourn"]
[EventRounds "9"]
[EventCountry "GER"]
[SourceTitle "EXT 2020"]
[Source "ChessBase"]
[SourceDate "2019.10.17"]
[SourceVersion "1"]
[SourceVersionDate "2019.10.17"]
[SourceQuality "1"]
[WhiteTeam "Koenigshofen"]
[BlackTeam "Groebenzell"]
[WhiteTeamCountry "GER"]
[BlackTeamCountry "GER"]

1. e4 c5 2. Nf3 d6 3. d4 cxd4 4. Nxd4 Nf6 5. Nc3 a6 6. Be3 Ng4 7. Qd2 Nxe3 8. Qxe3 g6 9. e5 Bg7 10. exd6 Qxd6 11. 0-0-0 Qc7 12. Nd5 Qd6 13. Bb5+ Bd7 14. Bxd7+ Nxd7 15. Rhe1 e5 16. Ne6 fxe6 17. Nf6+ Nxf6 18. Rxd6 Ng4 19. Rxe6+ Kd7 20. Qb3 1-0

[Event "Bayern-chB 79th"]
[Site "Bad Neustadt/Saale"]
[Date "2008.09.05"]
[Round "8"]
[White "Heerlein, Gerd"]
[Black "Ingerl, Florian"]
[Result "0-1"]
[WhiteElo "1708"]
[BlackElo "1936"]
[PlyCount "66"]
[EventDate "2008.08.30"]
[EventType "swiss"]
[EventRounds "9"]
[EventCountry "GER"]
[SourceTitle "EXT 2015"]
[Source "ChessBase"]
[SourceDate "2014.11.20"]
[SourceVersion "1"]
[SourceVersionDate "2014.11.20"]
[SourceQuality "1"]

1. Nf3 Nf6 2. g3 b6 3. Bg2 Bb7 4. 0-0 e6 5. d3 d5 6. Nbd2 Bd6 7. Re1 0-0 8. e4 dxe4 9. dxe4 e5 10. c3 Nbd7 11. Qc2 Nc5 12. b4 Ncd7 13. Bb2 b5 14. a4 a5 15. axb5 axb4 16. c4 Re8 17. Nb3 c5 18. bxc6 Bxc6 19. c5 Bf8 20. Qc4 Qe7 21. Na5 Bxe4 22. Rxe4 Nxe4 23. Qxe4 Qxc5 24. Ng5 Nf6 25. Qxa8 Rxa8 26. Bxa8 Ng4 27. Nh3 Qc2 28. Bxe5 Nxe5 29. Re1 Nd3 30. Re8 b3 31. Nc6 g6 32. Nd4 Qd1+ 33. Kg2 b2 0-1